01900cab a2200289Ia 4500001000800000003000600008008004100014040000800055041001300063090002400076100001900100240008500119245013000204246018600334300001500520504002500535520073800560546002301298650002301321650003401344650003201378773008801410856007701498596000601575942001201581999001701593u209915SIRSI120216s2002 ua ss b eng d aEAL aengbara aART EJAR V80 No1 121 aFouad, Maha M.10aEgyptian journal of agricultural research, 2002 v 80 (1)h[electronic resource].10aEffect of neem extract, garlic acid and diflubenzuron on jaws morphology of some terrestrial molluscsh[electronic resource].15aتأثير مستخلص النيم وحامض الجارليك والدايفلوبنزيرون على مورفولوجيا الفك فى بعض الرخويات الأرضية. ap.155-167. aIncludes references. aThe present study aimed to elucidate the differences in the morphological characteristics of jaw between two land snails, i.e. Eobania vermiculata (Muller), Theba pisana (Muller) and one land slug, i.e. Limax flavus Linnaeus at different ages (juveniles of 2 months old, adults of 9- 1o and 20-24 months old) under laboratory conditions. Also, the teratogenic effects of two plant extracts (neem and garlic) and one insect growth regulator (igr), diflubenzuron on jaw of these terrestrial molluscs were investigated . Results indicate that, the morphological features of the jaw were differed considerably according to the terrestrial molluscs species their ages and used either of the two plant extracts or insects growth regulator. aSummary in Arabic. 0aMollusksxAnatomy. 0aMollusksxBiological control. 0aSnailsxBiological control.0 tEgyptian Journal of Agricultural Research. g2002.v.80(1)x1110-63367nnaswu15858540uhttp://nile.enal.sci.eg/EALE/2002/EJAR/8002/1/155.pdfzFull Text Article a1 cAR2lcc c59383d59383